Adding value to African Leather Project(AVAL): through improvement of quality of leather and leather products (Ethiopia, Kenya, Sudan and Zimbabwe): Terminal Report (Record no. 83654)
[ view plain ]
| 000 -LEADER | |
|---|---|
| fixed length control field | 00854nam a2200145 a 4500 |
| 008 - FIXED-LENGTH DATA ELEMENTS--GENERAL INFORMATION | |
| fixed length control field | 100913s2007 ||||||||||||||||| || u |
| 050 ## - LIBRARY OF CONGRESS CALL NUMBER | |
| Classification number | COMESA(02)2007/1B |
| 110 ## - MAIN ENTRY--CORPORATE NAME | |
| Corporate name or jurisdiction name as entry element | Common Market of East and Southern Africa (COMESA) |
| 245 10 - TITLE STATEMENT | |
| Title | Adding value to African Leather Project(AVAL): through improvement of quality of leather and leather products (Ethiopia, Kenya, Sudan and Zimbabwe): Terminal Report |
| 260 ## - PUBLICATION, DISTRIBUTION, ETC. | |
| Place of publication, distribution, etc. | Addis Ababa |
| Name of publisher, distributor, etc. | Common Market of East and Southern Africa (COMESA) |
| Date of publication, distribution, etc. | 2007 |
| 300 ## - PHYSICAL DESCRIPTION | |
| Extent | iv, 78p.: ill. |
| 350 ## - | |
| -- | 0.00 |
| 995 ## - | |
| -- | SPECIAL COLLECTIONS |
| -- | 2778 |
| -- | CBU-MAIN LIBRARY (Kitwe) |
| -- | 0.00 |
| -- | COMESA(02)2007/1B |
| -- | 2 |
| -- | AVAILABLE |
| -- | Nov 8, 2016 |
| -- | B2778 |
| -- | International Publications |
| 995 ## - | |
| -- | SPECIAL COLLECTIONS |
| -- | 0.00 |
| -- | 03007336 |
| -- | CBU-MAIN LIBRARY (Kitwe) |
| -- | 1 |
| -- | 0.00 |
| -- | COMESA(02)2007/1A |
| -- | 1 |
| -- | AVAILABLE |
| -- | Nov 2, 2010 |
| -- | 03007336 |
| -- | International Publications |
| 999 ## - | |
| -- | 83654 |
| -- | 83654 |
| Withdrawn status | Lost status | Source of classification or shelving scheme | Damaged status | Not for loan | Permanent Location | Current Location | Shelving location | Date acquired | Total Checkouts | Full call number | Barcode | Date last seen | Copy number | Price effective from | Koha item type |
|---|---|---|---|---|---|---|---|---|---|---|---|---|---|---|---|
| CBU-MAIN LIBRARY, KITWE. | CBU-MAIN LIBRARY, KITWE. | 01/08/2024 | COMESA(02)2007/1B | B2778 | 01/08/2024 | 1 | 01/08/2024 | SPECIAL COLLECTION | |||||||
| CBU-MAIN LIBRARY, KITWE. | CBU-MAIN LIBRARY, KITWE. | 01/08/2024 | COMESA(02)2007/1A | 03007336 | 01/08/2024 | 2 | 01/08/2024 | SPECIAL COLLECTION |